[Event "Perth Metro CC-chC"]
[Site "Perth"]
[Date "2006.02.16"]
[Round "3"]
[White "McLean, D."]
[Black "Lintern, Melvyn"]
[Result "1-0"]
[WhiteElo "1459"]
[BlackElo "1418"]
[PlyCount "99"]
[EventDate "2006.02.02"]
[EventType "tourn"]
[EventRounds "11"]
[EventCountry "AUS"]
[SourceTitle "EXT 2010"]
[Source "ChessBase"]
[SourceDate "2010.11.25"]
[SourceVersion "1"]
[SourceVersionDate "2010.11.25"]
[SourceQuality "1"]

1. e4 e5 2. Nf3 Nc6 3. Bb5 d6 4. c3 a6 5. Ba4 Bg4 6. 0-0 Nf6 7. Re1 Be7 8. d4 0-0 9. a3 h6 10. Bc2 Nh7 11. Qd3 Bxf3 12. Qxf3 exd4 13. Qg3 Bh4 14. Qg4 Bg5 15. f4 Bf6 16. Kh1 dxc3 17. bxc3 Qe7 18. Bb2 Rae8 19. Nd2 Qd8 20. Re3 Ne7 21. Rg3 Ng6 22. Nf3 c5 23. Bb3 Rxe4 24. Qxg6 c4 25. Qxe4 cxb3 26. Re1 Qb6 27. Re2 Rc8 28. h4 Qb5 29. c4 Rxc4 30. Qe8+ Qxe8 31. Rxe8+ Nf8 32. Bxf6 g6 33. h5 Rc2 34. Nh4 b2 35. Bxb2 Rxb2 36. hxg6 fxg6 37. Nxg6 Kf7 38. Rxf8+ Ke6 39. f5+ Kd5 40. Rd3+ Kc5 41. Rc8+ Kb5 42. Rcc3 a5 43. Rb3+ Rxb3 44. Rxb3+ Kc5 45. Rxb7 d5 46. Ne5 Kd4 47. Nc6+ Ke4 48. f6 d4 49. Nxd4 Kxd4 50. f7 1-0

[Event "Perth Respini-C"]
[Site "Perth"]
[Date "2005.09.22"]
[Round "4"]
[White "McLean, D."]
[Black "Lintern, Melvyn"]
[Result "0-1"]
[WhiteElo "1457"]
[BlackElo "1414"]
[PlyCount "60"]
[EventDate "2005.09.01"]
[EventType "tourn"]
[EventRounds "9"]
[EventCountry "AUS"]
[SourceTitle "EXT 2010"]
[Source "ChessBase"]
[SourceDate "2010.11.25"]
[SourceVersion "1"]
[SourceVersionDate "2010.11.25"]
[SourceQuality "1"]

1. e4 e5 2. Nf3 Nc6 3. Bb5 d6 4. c3 a6 5. Ba4 Bd7 6. 0-0 Nf6 7. Re1 Be7 8. d4 0-0 9. d5 Na7 10. Bc2 Bg4 11. a4 Nc8 12. Nbd2 Nb6 13. Nf1 c6 14. a5 Nbd7 15. Ne3 Bh5 16. dxc6 bxc6 17. Nf5 d5 18. Nxe7+ Qxe7 19. exd5 cxd5 20. h3 e4 21. Qd4 Bxf3 22. gxf3 Ne5 23. Bd1 Qe6 24. fxe4 dxe4 25. Re3 Rfd8 26. Bb3 Rxd4 27. Bxe6 Rd1+ 28. Kg2 fxe6 29. Kg3 Nd3 30. Rxd3 exd3 0-1